00762nam a2200217Ia 4500003000900000008004100009040001300050040001300063041000800076100001600084245013100100250001800231260001700249260000900266300001000275490004700285490000800332942000700340999001300347952018400360IT-RoPAU120407s9999 xx 000 0 und d aIT-RoPAU cIT-RoPAU aita aItalo Svevo aSenilità. La novella del buon vecchio e della bella fanciulla. Una burla riuscita. In “Narratori dell’Ottocento! Vol. IV aMilano-Napoli aR. Ricciardi c1966 c22 cm aLa letteratura italiana . - Storia e testi v645 cBK c393d393 00102ddc4068958_36400000000000071aPAULUSbPAULUSd2012-04-11l0o8958.364r2012-04-11 00:00:00w2012-04-11yBKzInserito da: In data: n.d. fondo: Via A.Severo 56 Progr:32652